Top 15 Countries with Covid-19 Deaths - 23 March 2022 - Statistics

General Stats
  • This quiz has been taken 30 times
  • The average score is 13 of 26
Answer Stats
country % Correct
United States
100%
United Kingdom
97%
Italy
93%
Germany
86%
India
86%
Russia
86%
Mexico
83%
Brazil
79%
France
79%
Argentina
69%
Poland
69%
Colombia
62%
Peru
52%
Indonesia
48%
Iran
45%
Hungary
28%
Czechia
24%
Slovakia
21%
Romania
17%
Slovenia
14%
Bosnia and Herzegovina
10%
Bulgaria
10%
Croatia
10%
North Macedonia
10%
Lithuania
7%
Georgia
3%
No matching quizzes found
Score Distribution
Percent of People with Each Score
Percentile by Number Answered
Your Score History
You have not taken this quiz